The Andromeda Strain /

Michael Chrichton (1942-2008) es una de las mentes brillantes del siglo XX en el campo de la literatura, de la televisión y de la cinematografía. Médico de profesión y comunicador multifacético. Supo capitalizar sus conocimientos y habilidades científicas y combinarlas con su capacidad para contar h...

Fuld beskrivelse

Guardado en:
Bibliografiske detaljer
Hovedforfatter: Crichton, Michael (autor)
Format: Bog
Sprog:engelsk
Udgivet: Nueva York, EUA : Ballantine Books, 1993, c1969
Fag:
Tags: Tilføj Tag
Ingen Tags, Vær først til at tagge denne postø!

MARC

LEADER 00000nam^a2200000^a^4500
001 000371170
005 20260114000000.0
009 20260310115924.37
020 |a 0-345-37848-2 
037 |a Acervo ITESO - Biblioteca 
041 |a ING 
082 |a 813.  |b CRI 
100 |a Crichton, Michael  |e (autor) 
245 1 4 |a The Andromeda Strain /  |c M. Crichton. 
264 4 |a Nueva York, EUA :  |b Ballantine Books,  |c 1993, c1969 
300 |a 285 p. 
336 |a texto  |b txt  |2 rdacontenido 
337 |a sin mediación  |b n  |2 rdamedio 
338 |a volumen  |b nc  |2 rdasoporte 
520 |a Michael Chrichton (1942-2008) es una de las mentes brillantes del siglo XX en el campo de la literatura, de la televisión y de la cinematografía. Médico de profesión y comunicador multifacético. Supo capitalizar sus conocimientos y habilidades científicas y combinarlas con su capacidad para contar historias. Como escritor produjo novelas de ficción y no ficción, guiones de película y ensayos, ganándose el título de padre del techno-thriller y genio de la ciencia ficción: entre sus escritos se encuentran la amenaza de Andrómeda, Parque Jurásico, un mundo perdido y atrapado en el tiempo. Como cineasta dirigió y produjo películas, y muchas de sus novelas se han llevado a la pantalla grande. Como productor de televisión destaca la serie ER sala de emergencia que permaneció por largo tiempo con los mayores niveles de audiencia. 
649 |a XX 
650 |a Novela Norteamericana 
650 |a Literatura Norteamericana -  |y Siglo XX 
910 |a Fondo General 
920 |a Impresos - Libros 
930 |a Colección General 
940 |a Literatura 
905 |a 101 
901 |a 0500265019  |b IT1  |c LIT  |u 20260114 
902 |a https://opac.biblio.iteso.mx/vufind/Record/000371170